Najbardziej wysunięte na północ miasta według państw - Statystyki

Ogólne statystyki
  • Ten quiz został rozwiązany 2 690 razy
  • Średni wynik to 9 z 17
Statystyki odpowiedzi
Populacja Państwo Miasto % Poprawnych
6.15 mil Włochy Mediolan
90%
2.88 mil Niemcy Hamburg
83%
14.5 mil Republika Południowej Afryki Johannesburg / Pretoria
82%
5.60 mil Rosja Petersburg
82%
6.05 mil Egipt Aleksandria
80%
4.90 mil Hiszpania Barcelona
78%
1.23 mil Kazachstan Astana
65%
1.69 mil Wielka Brytania Glasgow
65%
4.55 mil Stany Zjednoczone Seattle
53%
2.50 mil Japonia Sapporo
47%
1.31 mil Francja Lille
43%
3.30 mil Australia Brisbane
40%
1.37 mil Kanada Edmonton
29%
5.00 mil Nigeria Kano
27%
2.15 mil Meksyk Tijuana
27%
1.17 mil Maroko Tanger
24%
2.20 mil Kolumbia Barranquilla
18%
Nie znaleziono quizów pasujących do podanych kryteriów
Rozkład punktacji
Procent ludzi z każdym wynikiem
Percentyl według liczby udzielonych odpowiedzi
Twoja historia wyników
Nie rozwiązałeś tego quizu